000 00531nam a2200157 a 4500
001 000028793
005 20200930055136.0
008 110412s2005 dr ac 000 0 spa d
040 _aDO-SdBNP
_bspa
_cBNPHU
082 _axxxx
_bA837p
110 2 _aAsociación para el Desarrollo de la Provincia de San Juan
_955772
245 1 0 _aPropuesta para un plan estratégico de desarrollo de la provincia 2005-2025.
260 _aSan Juan, República Dominicana :
_bADPS,
_c2005.
_fEditora Búho
300 _a40 p. ;
_c28 cm.
049 _aBNPD
999 _c28285
_d28285